000 002960000a22000970004500
100 1 _aBaer, David
245 1 0 _aThat merciful touch : A profesor's influence can be life-changing
300 _aVol. 71, Num. 4 (Octubre-Diciembre, 1991), Página 16
773 0 _tLatin America Evangelist
942 _cANA
999 _c54613
_d54613